[Event "Milan Crespi op-C 33rd"]
[Site "Milan"]
[Date "2012.12.09"]
[Round "6"]
[White "Pandini, Giuseppe"]
[Black "Bertora, Silvano"]
[Result "0-1"]
[WhiteElo "1762"]
[BlackElo "1618"]
[PlyCount "140"]
[EventDate "2012.12.05"]
[EventType "swiss"]
[EventRounds "7"]
[EventCountry "ITA"]
[SourceTitle "EXT 2024"]
[Source "ChessBase"]
[SourceDate "2023.10.10"]
[SourceVersion "1"]
[SourceVersionDate "2023.10.10"]
[SourceQuality "1"]

1. f4 g6 2. Nf3 c6 3. e3 Bg7 4. Be2 d6 5. d4 Nd7 6. Bd2 Ngf6 7. c4 Ne4 8. 0-0 f5 9. Nc3 Ndf6 10. Bd3 h6 11. Bxe4 fxe4 12. Ne1 Bg4 13. Qc2 Bf5 14. b4 e6 15. g3 g5 16. Ng2 Qe7 17. c5 d5 18. b5 Nh5 19. bxc6 bxc6 20. Qa4 Qc7 21. Ne2 Bg4 22. Ba5 Qd7 23. Nc3 gxf4 24. Nxf4 Nxf4 25. exf4 Bf6 26. Nd1 h5 27. Ne3 Bf3 28. Rab1 Rg8 29. Kf2 h4 30. Rg1 hxg3+ 31. hxg3 Kf7 32. Nf1 Rab8 33. Nh2 Bh5 34. Bc3 Be7 35. Rb3 Rxb3 36. Qxb3 Bd8 37. Rb1 Kf6 38. Qb8 Qc7 39. Qxc7 Bxc7 40. Rb7 Bb8 41. Ba5 Bd1 42. Rd7 Rh8 43. Bd8+ Kg6 44. Bh4 Bxf4 45. Nf1 Bc1 46. Rd6 Rf8+ 47. Ke1 Bg4 48. Nh2 Kh5 49. Nxg4 Kxg4 50. Rxe6 Rc8 51. Rg6+ Kh3 52. Bg5 Bb2 53. Bf6 Rb8 54. Rh6+ Kg2 55. g4 Bc3+ 56. Kd1 Rb2 57. Be5 Rd2+ 58. Kc1 Rd3 59. Rh2+ Kg1 60. g5 Bxd4 61. Bd6 Be3+ 62. Kc2 Bxg5 63. Re2 Bf6 64. Re1+ Kf2 65. Rh1 Rc3+ 66. Kd1 d4 67. Rh2+ Kg1 68. Rh6 Bg5 69. Rg6 Rc1+ 70. Ke2 d3# 0-1

[Event "Milan Crespi op-C 33rd"]
[Site "Milan"]
[Date "2012.12.08"]
[Round "5"]
[White "Bertora, Silvano"]
[Black "Casati, Ivan Mario"]
[Result "1-0"]
[WhiteElo "1618"]
[BlackElo "1418"]
[PlyCount "47"]
[EventDate "2012.12.05"]
[EventType "swiss"]
[EventRounds "7"]
[EventCountry "ITA"]
[SourceTitle "EXT 2024"]
[Source "ChessBase"]
[SourceDate "2023.10.10"]
[SourceVersion "1"]
[SourceVersionDate "2023.10.10"]
[SourceQuality "1"]

1. c4 d6 2. d4 Nf6 3. Nc3 g6 4. Nf3 Bg7 5. e4 0-0 6. Be2 e5 7. d5 c5 8. Be3 Ng4 9. Bd2 b6 10. h3 Nf6 11. Qc1 Ba6 12. Bh6 Nbd7 13. Bxg7 Kxg7 14. g4 Rh8 15. Nh2 Qe7 16. f4 exf4 17. Qxf4 Qe5 18. Qe3 h5 19. 0-0-0 Rh6 20. Nf3 Qe7 21. g5 Rh7 22. gxf6+ Qxf6 23. Rhf1 Rhh8 24. Ng5 1-0

[Event "Milan Crespi op-C 33rd"]
[Site "Milan"]
[Date "2012.12.08"]
[Round "4"]
[White "Pollio, Ciro"]
[Black "Bertora, Silvano"]
[Result "1-0"]
[WhiteElo "1714"]
[BlackElo "1618"]
[PlyCount "71"]
[EventDate "2012.12.05"]
[EventType "swiss"]
[EventRounds "7"]
[EventCountry "ITA"]
[SourceTitle "EXT 2024"]
[Source "ChessBase"]
[SourceDate "2023.10.10"]
[SourceVersion "1"]
[SourceVersionDate "2023.10.10"]
[SourceQuality "1"]

1. d4 Nf6 2. c4 d5 3. Nc3 dxc4 4. e3 e6 5. Bxc4 Nc6 6. Nf3 Na5 7. Bd3 b6 8. b4 Nc6 9. a3 Be7 10. 0-0 Bd7 11. Qc2 a5 12. b5 Na7 13. a4 c6 14. Ne4 cxb5 15. Nxf6+ Bxf6 16. axb5 Nxb5 17. Qb3 a4 18. Qb2 Nd6 19. Ne5 b5 20. Nxd7 Qxd7 21. Bd2 Rb8 22. Rxa4 0-0 23. Rb4 Rb6 24. Rb1 Rfb8 25. e4 Be7 26. Rb3 g6 27. Bf4 Qb7 28. e5 Nf5 29. Bxf5 gxf5 30. Rg3+ Kh8 31. Bh6 Bf8 32. Bg5 Bg7 33. Qd2 Qe4 34. Re1 Qd5 35. Bh6 Bxh6 36. Qxh6 1-0